| 000 | 01966nam a2200337 i 4500 | ||
|---|---|---|---|
| 001 | 184763 | ||
| 003 | ES-MaACL | ||
| 005 | 20250920063114.0 | ||
| 008 | 151204s2008 sp m |||| |dspa d | ||
| 080 | _a1 Zambrano, María(043.2) | ||
| 080 | _a821.134.2 Prados, Emilio 1.06(043.2) | ||
| 100 | 1 |
_aBerrocal, Alfonso, _d1973- _9158295 |
|
| 245 | 1 | 0 |
_aRazón poética, un estudio genético de su construcción : _b(la poética de Emilio Prados y el pensamiento de María Zambrano) / _cautor, Alfonso Berrocal Betés ; director, Dr. José Luis Mora García. |
| 260 |
_aMadrid : _bA. Berrocal : _bUniversidad Autónoma de Madrid, Facultad de Filosofía, _c2008. |
||
| 300 |
_a469, [470-475] p. ; _c30 x 22 cm. |
||
| 502 | _aTesis-Universidad Autónoma de Madrid, Facultad de Filosofía, 2008. | ||
| 504 | _aBibliografía: p. [469-475] | ||
| 505 | 8 | _aContiene: 1ª parte. La experiencia literaria de María Zambrano: fuentes poéticas de una pensadora ; 2ª parte. Novela y poesía ; 3ª parte. Filosofía y poesía en Emilio Prados: la razón poética como afinidad entre el poeta y la pensadora | |
| 536 | _aTesis con ayuda de la Fundación María Zambrano, en 2001 | ||
| 600 | 1 | 4 |
_aZambrano, María, 1904-1991- _xCrítica e interpretación _9117916 |
| 600 | 1 | 4 |
_aPrados, Emilio- _xCrítica e interpretación. _993632 |
| 650 | 7 |
_aLiteratura y filosofía _2embne _9158296 |
|
| 700 | 1 |
_aMora García, José Luis. _9139494 |
|
| 710 | 2 |
_aUniversidad Autónoma de Madrid. _bFacultad de Filosofía y Letras. _97070 |
|
| 740 | 3 | 2 | _aLa experiencia literaria de María Zambrano : fuentes poéticas de una pensadora. |
| 740 | 0 | 2 | _aFilosofía y poesía en Emilio Prados : la razón poética como afinidad entre el poeta y la pensadora. |
| 852 | 4 |
_aES-MaACL _jA-13446 _9150756 _bR.150756 _cDEPO1 _dOlim: N-6446 _hDonación: Alfonso Berrocal |
|
| 903 |
_aBerrocal, Alfonso, _d1973- _ednr _9158295 |
||
| 942 |
_2udc _cMONOGRAFIA |
||
| 999 |
_c184763 _d184763 |
||